[Event "Buryatia-ch"]
[Site "Ulan-Ude"]
[Date "2013.01.08"]
[Round "9"]
[White "Baljiev, Chingiz"]
[Black "Shoiyzhininaev, Bato"]
[Result "1-0"]
[WhiteElo "2240"]
[BlackElo "2123"]
[PlyCount "165"]
[EventDate "2013.01.02"]
[EventType "swiss"]
[EventRounds "9"]
[EventCountry "RUS"]
[SourceTitle "CBM 152 Extra"]
[Source "ChessBase"]
[SourceDate "2013.02.25"]
[SourceVersion "1"]
[SourceVersionDate "2013.02.25"]
[SourceQuality "1"]

1. Nf3 Nf6 2. c4 c6 3. g3 d5 4. b3 Bg4 5. Bg2 e6 6. 0-0 Nbd7 7. Bb2 Be7 8. d3 0-0 9. Nbd2 a5 10. a3 b5 11. cxb5 cxb5 12. Rc1 Rc8 13. Rxc8 Qxc8 14. Qa1 Qb7 15. Rc1 Rc8 16. Kf1 Bd6 17. Nd4 Rxc1+ 18. Qxc1 Nc5 19. Nc2 Ncd7 20. Ne3 Bh5 21. Nf3 h6 22. Nd4 Bc5 23. Ndc2 b4 24. axb4 axb4 25. Qa1 Bf8 26. Qa5 Nc5 27. Qxb4 Qxb4 28. Nxb4 Nxb3 29. Nc6 Nd7 30. Ke1 Ndc5 31. Nc2 Na4 32. Ba3 Nc3 33. Bxf8 Kxf8 34. e4 dxe4 35. dxe4 Bg6 36. f3 Nb5 37. Bf1 Nd6 38. N2d4 Nc5 39. Nb5 Nc8 40. Kf2 Ne7 41. Nbd4 f6 42. Nd8 e5 43. N8e6+ Nxe6 44. Nxe6+ Kg8 45. Nd8 Bf7 46. Bb5 Kf8 47. Bd7 Bb3 48. Nc6 Ng6 49. h4 Nh8 50. Na5 Ba2 51. Bb5 Bf7 52. Bc4 Ng6 53. h5 Ne7 54. Bxf7 Kxf7 55. Nc4 Nc6 56. Nd6+ Ke7 57. Nf5+ Kf7 58. Ke3 Nd8 59. Kd3 Ne6 60. Kc4 Ng5 61. Nh4 Ke6 62. Kc5 Kf7 63. Kd5 Ne6 64. Ng6 Nc7+ 65. Kc6 Ne6 66. Kd6 Nd4 67. f4 Ne2 68. fxe5 Nxg3 69. e6+ Ke8 70. Nf4 Nxe4+ 71. Kd5 Ng3 72. Kd6 Nf5+ 73. Kd5 Kd8 74. Kc6 Ke7 75. Kd5 Nh4 76. Kc6 Nf3 77. Kd5 Ne5 78. Ke4 Nc6 79. Kd5 Nd8 80. Ng6+ Ke8 81. Nh4 Nb7 82. Nf5 Kf8 83. Kc6 1-0

[Event "Buryatia-ch"]
[Site "Ulan-Ude"]
[Date "2013.01.03"]
[Round "2"]
[White "Shoiyzhininaev, Bato"]
[Black "Shagdurov, Denis"]
[Result "1-0"]
[WhiteElo "2123"]
[BlackElo "1928"]
[PlyCount "121"]
[EventDate "2013.01.02"]
[EventType "swiss"]
[EventRounds "9"]
[EventCountry "RUS"]
[SourceTitle "CBM 152 Extra"]
[Source "ChessBase"]
[SourceDate "2013.02.25"]
[SourceVersion "1"]
[SourceVersionDate "2013.02.25"]
[SourceQuality "1"]

1. e4 c6 2. d4 d5 3. Nd2 dxe4 4. Nxe4 Nf6 5. Nxf6+ exf6 6. c3 Bd6 7. Bd3 0-0 8. Qc2 h6 9. Ne2 c5 10. Be3 Qc7 11. h3 Nd7 12. 0-0 c4 13. Be4 Nb6 14. Rad1 Bd7 15. Ng3 Rfe8 16. Nh5 Ba4 17. Qb1 Bxd1 18. Rxd1 f5 19. Bf3 f4 20. Bd2 Nd7 21. Qf5 Re7 22. Nxf4 Bxf4 23. Bxf4 Qb6 24. Rd2 Nf6 25. Be5 Rd8 26. Be2 Qb5 27. Qf4 Nd5 28. Qg3 f6 29. Bd6 Re6 30. Ba3 Rde8 31. Bh5 Re1+ 32. Kh2 Rd8 33. Qg6 Qd7 34. Bg4 Qc7+ 35. g3 Ne7 36. Qc2 Qc6 37. d5 Rxd5 38. Bf3 Rxd2 39. Qxd2 Qe6 40. Bxb7 Re2 41. Qd8+ Kh7 42. Bc5 Qe5 43. Bd4 Qf5 44. Kg2 Qg5 45. Bf3 Re1 46. Bxa7 Nf5 47. Bd5 Ne7 48. Bxc4 Qe5 49. Qd3+ f5 50. Bd4 Qd6 51. Qf3 Rb1 52. b4 Rb2 53. b5 Qd7 54. a4 Qc7 55. Bd3 Ra2 56. b6 Qb8 57. Bb5 Ra1 58. c4 Rc1 59. c5 f4 60. Qe4+ Ng6 61. Bd3 1-0

[Event "Sibiria Region-ch"]
[Site "Prokopevsk"]
[Date "2012.03.17"]
[Round "6"]
[White "Shoiyzhininaev, Bato"]
[Black "Artemiev, Vladislav"]
[Result "1/2-1/2"]
[WhiteElo "2036"]
[BlackElo "2446"]
[PlyCount "80"]
[EventDate "2012.03.12"]
[EventType "swiss"]
[EventRounds "9"]
[EventCountry "RUS"]
[SourceTitle "EXT 2013"]
[Source "ChessBase"]
[SourceDate "2012.11.22"]
[SourceVersion "1"]
[SourceVersionDate "2012.11.22"]
[SourceQuality "1"]

1. e4 c5 2. Nf3 a6 3. c3 e6 4. d4 d5 5. exd5 exd5 6. Be3 c4 7. b3 cxb3 8. Qxb3 Nc6 9. Nbd2 Nf6 10. Bd3 Be7 11. 0-0 0-0 12. Rfe1 Qc7 13. Bg5 Be6 14. Rac1 h6 15. Bh4 Ne4 16. Bxe7 Nxd2 17. Nxd2 Qxe7 18. Qb6 Rac8 19. Nb3 Qc7 20. Qxc7 Rxc7 21. Nc5 Bc8 22. Rb1 Nd8 23. Re5 Ne6 24. Rxd5 Nf4 25. Rd6 Nxd3 26. Nxd3 Bf5 27. Rd1 Bxd3 28. Rxd3 Rfc8 29. Kf1 Rxc3 30. Ke2 R3c6 31. Rxc6 Rxc6 32. d5 Rc2+ 33. Ke3 Kf8 34. Rb3 Rxa2 35. Rxb7 Ke8 36. g3 Ra4 37. h4 h5 38. d6 g6 39. Re7+ Kf8 40. Re5 Ra3+ 1/2-1/2

[Event "Ulan-Ude op"]
[Site "Ulan-Ude"]
[Date "2011.01.20"]
[Round "8"]
[White "Badmatsyrenov, Alexander"]
[Black "Shoiyzhininaev, Bato"]
[Result "1-0"]
[WhiteElo "2298"]
[BlackElo "2073"]
[PlyCount "93"]
[EventDate "2011.01.15"]
[EventType "swiss"]
[EventRounds "9"]
[EventCountry "RUS"]
[SourceTitle "CBM 140 Extra"]
[Source "ChessBase"]
[SourceDate "2011.03.01"]
[SourceVersion "1"]
[SourceVersionDate "2011.03.01"]
[SourceQuality "1"]

1. e4 g6 2. d4 Bg7 3. c4 d6 4. Nc3 Nf6 5. Nf3 0-0 6. Be2 e5 7. 0-0 Nc6 8. d5 Ne7 9. Ne1 Nd7 10. f3 f5 11. g4 Nf6 12. Rf2 h6 13. Rg2 fxg4 14. fxg4 g5 15. Be3 Ng6 16. Rg3 Qe7 17. Nd3 Nf4 18. c5 Bd7 19. cxd6 cxd6 20. Nf2 a6 21. Bd3 Rf7 22. Na4 Bxa4 23. Qxa4 Raf8 24. Qd1 Nd7 25. Rc1 Qd8 26. b4 Bf6 27. Be2 Qb8 28. b5 a5 29. b6 Bd8 30. Rb1 a4 31. Qd2 Nxe2+ 32. Qxe2 Qa8 33. Rh3 Kg7 34. Nh1 Kg6 35. Ng3 Rf3 36. Rh5 Rxe3 37. Qxe3 Rf4 38. Nf5 Rxg4+ 39. Kh1 Kxh5 40. Qh3+ Rh4 41. Nxh4 g4 42. Qf1 Kxh4 43. Qf2+ Kh5 44. Qf7+ Kh4 45. Qxd7 Bg5 46. Rg1 h5 47. Rxg4+ 1-0